000 01143cam a2200217 4500
001 WB3938-17
008 031008n2003 000 0 eng u
035 _a(Sirsi) u123869
245 _aOptions for Change.
260 _c2003
490 _aPlanning (for the Natural and Built Environment)
_v3 October 2003, 2(1)
520 _aA report to the Scottish Executive Development Department on the content of a possible planning bill has been submitted. Options for change include third party rights of appeal and a statutory purpose for planning. Also included is a recommendation that a proposal from the 1999 Royal Commission report on environmental pollution be considered. Also included are suggestions that planning should promote sustainable development.
590 _aWB
650 _aSCOTLAND
650 _aPLANNING
650 _aSUSTAINABLE DEVELOPMENT
650 _aTHIRD PARTY RIGHTS
690 _aENVIRONMENTAL AND LAND CONSULTANCY-PLANNING AND DEVELOPMENT
856 _uhttps://www.scotland.gov.uk/library5/devlopment/opfc-00.asp
_zA full copy of the report can be viewed at the Scottish Executive website...
942 _n0
999 _c73569
_d73569